Plan de los 200 días lectivos del Ministerio de Educación Pública de Costa Rica : promoción de la salud en el ámbito escolar /

Podrobná bibliografie
Hlavní autor: Campos Araya, Elena
Další autoři: Picado Herrera, Lidia Isabel, Quesada Monge, Ana Cristina
Médium: Kniha
Jazyk:španělština
Vydáno: San José, Costa Rica : INIE. MEP. Instituto de Desarrollo Profesional Uladislao Gámez Solano, 2011
Témata:

MARC

LEADER 00000nam a2200000Ia 4500
008 180219b2011 cr ||||| |||| 00| | spa d
999 |c 1508  |d 1508 
090 |a 06.02.01   |b 2001 
100 1 0 |a Campos Araya, Elena  |9 3348 
245 1 0 |a Plan de los 200 días lectivos del Ministerio de Educación Pública de Costa Rica : promoción de la salud en el ámbito escolar /  |c  Elena Campos Araya; Lidia Isabel Picado Herrera; Ana Cristina Quesada Monge, compiladores 
260 |a San José, Costa Rica :   |b INIE. MEP. Instituto de Desarrollo Profesional Uladislao Gámez Solano,   |c 2011 
300 |a 50 páginas 
650 1 4 |a CAPACITACIÓN  |9 729 
650 1 4 |a DOCENTES  |9 331 
700 1 |a Picado Herrera, Lidia Isabel  |9 3349 
700 1 |a Quesada Monge, Ana Cristina  |9 3350 
942 |i 002507   |h 06.02.01 2001  |2 z  |c 04